Loading...
| History - European | 0 | 3 | 0 | 0 | 30 | 76 | 87.33 | 0 | 0 | 9.58 | 13.89 |
| History - World | 0 | 3 | 0 | 1 | 30 | 65 | 98.00 | 0 | 1 | 7.46 | 11.11 |
| Social Science | 0 | 3 | 0 | 0 | 30 | 70 | 80.33 | 0 | 0 | 11.94 | 13.89 |
| Philosophy | 0 | 2 | 0 | 0 | 20 | 82 | 91.00 | 0 | 2 | 7.17 | 12.50 |
| Religion | 1 | 0 | 0 | 0 | 15 | 59 | 59.00 | 0 | 0 | 6.49 | 2.78 |
| Other Academic | 0 | 1 | 0 | 0 | 10 | 76 | 76.00 | 0 | 0 | 15.24 | 20.83 |
| History - American | 0 | 1 | 0 | 1 | 10 | 122 | 122.00 | 0 | 1 | 0.09 | 1.39 |
| Current Events | 0 | 1 | 0 | 0 | 10 | 87 | 87.00 | 0 | 0 | 12.82 | 25.00 |
| Science - Other | 1 | 0 | 1 | 0 | 10 | 29 | 29.00 | 1 | 1 | 9.20 | 9.38 |
| Mythology | 0 | 0 | 1 | 0 | -5 | 0.00 | 0 | 0 | 0.00 | 0.00 |